00301 a2200133 4500001000700000020001800007040001100025100002400036240004200060245003700102300000800139362000900147440001100156188547 a85-249-1196-4 cMagnum aAlbergaria, Lino de10aCabelos de fogo, olhos de águalpor10aCabelos de fogo, olhos de água a1030 a2006 1aCortez